000 00826nam a22002177a 4500
005 20100814164430.0
010 _aENG-100236
020 _c2200.00
035 _aEN-83768
037 _bDBAD/PUB
082 _a005.276
100 _aTambade,Ravindra
_914245
245 _aLearning ASP.Net 2.0 /
_c by Ravindra Tambade
260 _aMaharashtra
_bAvani Publications
_c2008
270 _aFlat No.2, Ground Floor, Radhakrihna Apts., Prabhat Road, Lane No. 10, Erandawana Pune
_bMaharashtra
_e411004
300 _a180p.:
_bill.
_c29cm (pbk)
650 _aWebsite development
_914246
650 _aMicrosoft Net Framework
_914247
942 _2ddc
_cEN
_h005.276
_mTAM
999 _c42036
_d42036